Music Quiz

Random Music or Bands Quiz
Score 0/25 Timer 07:00
1 Play Today
Artist % Correct
Mariah Carey (Mariah Carey)
88.4%
2Pac (All Eyez on Me)
85.7%
Celine Dion (Lets Talk About Love)
80.4%
Jay Z (Hard Knock Life)
78.2%
Björk (Post)
68.8%
Beck (Mutations)
68.7%
Red Hot Chili Peppers (Blood Sugar Sex Magik)
67.4%
Weezer (The Blue Album)
65.4%
Dr. Dre (The Chronic)
65.2%
MC Hammer (Please Hammer, Don't Hurt 'Em)
56.5%
Oasis (Definitely Maybe)
48.6%
Beastie Boys (Check Your Head)
46.9%
Kid Rock (Early Morning Stoned Pimp)
44.6%
Artist % Correct
Pearl Jam (Ten)
44.6%
Lenny Kravitz (Mama Said)
43.8%
Hole (Celebrity Skin)
39.9%
Bryan Adams (18 til I Die)
38.5%
Jeff Buckley (Grace)
37.5%
Tori Amos (Boys for Pele)
36.4%
Sheryl Crow (Sheryl Crow)
32.1%
The Verve (Urban Hymns)
30%
Metallica (Garage Inc.)
28.5%
The Smashing Pumpkins (Gish)
24%
PJ Harvey (Rid of Me)
21.4%
Soundgarden (Loudest Love)
20.4%

You're not logged in!

Compare scores with friends on all Sporcle quizzes.
OR
Log In

Sporcle TV

Today on Sporcle TV


Watch our educational content, quiz creation guides, and fun videos on Sporcle TV.

Show Comments

Extras

Top Quizzes Today


Score Distribution

Paid Content

Your Account Isn't Verified!

In order to create a playlist on Sporcle, you need to verify the email address you used during registration. Go to your Sporcle Settings to finish the process.

Report this User

Report this user for behavior that violates our Community Guidelines.

Details: